[Event "V Sunway Sitges Open 2018"]
[Site "Sitges"]
[Date "2018.12.22"]
[Round "9"]
[White "Lopez Martinez, Josep Manuel"]
[Black "Santos Ruiz, Miguel"]
[Result "0-1"]
[WhiteElo "2580"]
[BlackElo "2523"]
[Annotator "TA"]
[PlyCount "70"]
[EventDate "2018.12.14"]
[EventType "swiss"]
[EventCountry "ESP"]
[SourceTitle "playchess.com"]
[Source "ChessBase"]
[SourceQuality "1"]

{[%evp 25,70,6,8,12,16,0,11,0,43,58,64,26,17,23,35,0,0,0,0,0,0,0,0,-80,-73,-73,-3,0,0,0,66,0,113,-35,110,-35,-35,-35,-35,-407,-411,-29960,-870,-29986,-29987,-29995,-29996]} 1. e4 c5 2. Nf3 d6 3. d4 cxd4 4. Nxd4 Nf6 5. Nc3 a6 6. f3 e5 7. Nb3 Be6 8. Be3 h5 9. Qd2 Nbd7 10. O-O-O {[%cal Be1c1,Bc1b1,Bb1a1][%mdl 32]} Be7 11. Nd5 {B90: Sicilian Najdorf: Unusual White 6th moves, 6 Be3 Ng4 and 6 Be3 e5} Nxd5 12. exd5 Bf5 13. Kb1 (13. Bd3 Bxd3 14. Qxd3 Bg5 15. Kb1 Bxe3 16. Qxe3 Rc8 17. h4 Nf6 18. Qd3 Qc7 {1-0 (32) Aronian,L (2767)-Dominguez Perez,L (2739) Saint Louis 2018}) 13... Rc8 {LiveBook: 37 Games} 14. Rc1 O-O 15. Be2 {[#]} Qc7 $146 ({Predecessor:} 15... Nf6 16. Rhd1 Qd7 17. Qb4 Bd8 18. h3 h4 {½-½ (51) Lopez Martinez,J (2555)-Ftacnik,L (2546) Barcelona 2013}) 16. Ka1 Bd8 17. c4 b6 18. f4 exf4 19. Bxf4 Nc5 20. Nxc5 bxc5 21. Bxh5 Bf6 {Threatens to win with ...Rb8.} 22. g4 Bh7 {White must now prevent ...Rb8.} 23. g5 Bd4 $1 24. Rc3 (24. Be3 $1 $11 {keeps the balance.}) 24... Rb8 $1 $17 {[%cal Rb8b2][%mdl 1024] Black has strong compensation.} 25. Bd1 a5 (25... Rb4 $17) 26. Ba4 $11 Rb4 27. Bb5 Rb8 (27... Bf5 $11) 28. Re1 ({White should play} 28. Rb3 $14) 28... Bf5 (28... a4 $1 $11 {remains equal.}) 29. h4 (29. Rb3 $16) 29... Bxc3 (29... R8xb5 $15 {keeps the upper hand.} 30. cxb5 Bxc3 31. bxc3 Rxb5) 30. bxc3 (30. Qxc3 $16 {And now h5 would win.} Bd7 31. Re7 R8xb5 32. h5 Rxb2 33. cxb5 Rb1+ {[%mdl 64] Decoy} 34. Kxb1 Bf5+ {[%mdl 64] Discovered Attack} 35. Kb2 Qxe7 36. h6) 30... R4xb5 31. cxb5 Rxb5 $40 {[%mdl 128] aiming for ...Qb7. Black mounts an attack.} 32. Rc1 $2 {[%mdl 8192]} (32. Qe2 $1 $15 Qb7 33. Qf1 (33. Qe8+ $2 Kh7 $19)) 32... a4 $19 33. h5 (33. Qd1 $19 a3 34. c4) 33... a3 (33... Qb8 $142 34. Qd1 a3 35. Bxd6 Qxd6 36. Qf1 {[#]} Qxd5 $1 {[%mdl 512]} 37. Rd1 Qe5 $1 {[%mdl 512]} 38. Rd8+ Kh7 39. g6+ {[%mdl 64] Decoy} fxg6 40. hxg6+ Kxg6 41. Qg1+ Kf6 42. Rf8+ Ke7 43. Qg5+ Qf6 44. Rf7+ Ke8 45. Qe3+ Qe6 46. Qxe6+ Bxe6 47. Rf3 g5 48. c4 Ra5 49. Kb1 g4 50. Rg3 Kd7 51. Kc2 Bxc4 52. Rxg4 Bxa2 53. Rg2 Ra4 54. Rg3 Kc6 55. Rg6+ Kb5 56. Rg1 Rc4+ 57. Kd3 Bb3 58. Ke2 a2 59. Rf1 Rd4 60. Ra1 c4 61. Kf3 Rd1 62. Rxa2 Bxa2 63. Ke2 Rd7 64. Kf3 c3 65. Kg3 c2 66. Kf4 c1=Q+ 67. Kf5 Rf7+ 68. Kg6 Qf4 69. Kh5 Rh7+ 70. Kg6 Bb1#) 34. Qe1 Rb8 35. g6 Qb7 {Accuracy: White = 24%, Black = 53%.} 0-1

[Event "V Sunway Sitges Open 2018"]
[Site "Sitges"]
[Date "2018.12.22"]
[Round "9"]
[White "Nihal, Sarin"]
[Black "Lillo Castany, Victor"]
[Result "1-0"]
[WhiteElo "2576"]
[BlackElo "2336"]
[Annotator "TA"]
[PlyCount "61"]
[EventDate "2018.12.14"]
[EventType "swiss"]
[EventCountry "ESP"]
[SourceTitle "playchess.com"]
[Source "ChessBase"]
[SourceQuality "1"]

{[%evp 21,61,30,81,9,18,18,14,7,10,13,26,24,46,19,109,66,62,32,113,112,112,110,115,143,135,114,163,162,169,172,210,224,216,204,379,364,358,370,360,369,372,366]} 1. Nf3 Nf6 2. c4 e6 3. g3 d5 4. d4 dxc4 5. Bg2 a6 6. O-O Nc6 7. e3 Bd7 8. Qe2 {E04: Open Catalan: 5 Nf3} Bd6 9. Qxc4 O-O 10. Rd1 Qe7 11. Nc3 Rab8 {LiveBook: 3 Games} (11... h6 $11) (11... b5 12. Qd3 e5 13. dxe5 Bxe5 14. e4 Bg4 15. Bg5 Qe6 {½-½ (33) Gelfand,B (2725)-Oparin,G (2616) Moscow 2016}) 12. Qe2 $146 (12. e4 $16 {Strongly threatening e5.} b5 13. Qd3) ({Predecessor:} 12. e4 b5 13. Qd3 b4 14. e5 bxc3 15. bxc3 h6 16. exf6 Qxf6 17. Qxa6 {½-½ (38) Sargsyan,S (2463)-Bjerre,J (2422) Konya 2018}) 12... e5 $11 13. d5 Na7 14. Nd2 Nb5 15. Nce4 Nxe4 (15... Nxd5 $2 16. Nxd6 Nxe3 17. Nxb5 $18 (17. fxe3 Nxd6 18. b3 Bb5 $18)) 16. Nxe4 Rbd8 17. a4 Na7 (17... f5 $11) 18. b3 Nc8 19. Bb2 Bf5 (19... f5 $14 20. Nxd6 Nxd6) 20. Nxd6 $16 Nxd6 21. e4 Bd7 22. Rac1 Rc8 23. Rd2 Rfd8 24. Ba3 Qf6 {[#]} 25. f4 $1 {[%mdl 512]} Qe7 (25... exf4 26. e5) 26. Rdc2 c6 27. Rd2 {And now dxc6 would win.} cxd5 $2 (27... c5 28. Rxc5 b5 29. Rxc8 Rxc8 30. fxe5 Qxe5) 28. Rxc8 $18 {White is winning.} Bxc8 29. Rxd5 ({Not} 29. exd5 e4 $14) 29... Be6 30. Rd3 ({Less strong is} 30. fxe5 Bxd5 31. exd5 Qe8 $16) (30. Rxe5 f6 $16) 30... b5 31. Qd1 {Precision: White = 64%, Black = 30%.} ({Weaker is} 31. fxe5 Qa7+ 32. Qf2 Qxf2+ 33. Kxf2 Nb7 $16) 1-0

[Event "V Sunway Sitges Open 2018"]
[Site "Sitges"]
[Date "2018.12.22"]
[Round "9"]
[White "Petrosyan, Manuel"]
[Black "Indjic, Aleksandar"]
[Result "1/2-1/2"]
[WhiteElo "2565"]
[BlackElo "2620"]
[Annotator "TA"]
[PlyCount "50"]
[EventDate "2018.12.14"]
[EventType "swiss"]
[EventCountry "ESP"]
[SourceTitle "playchess.com"]
[Source "ChessBase"]
[SourceQuality "1"]

{[%evp 22,50,33,25,61,16,47,27,22,35,26,8,16,6,12,-17,41,26,54,21,41,31,62,0,0,0,34,0,0,0,39]} 1. d4 Nf6 2. Nf3 e6 3. c4 c5 4. d5 d6 5. Nc3 exd5 6. cxd5 g6 7. h3 Bg7 8. Bf4 {A61: Modern Benoni: Nf3 without early e4} O-O 9. e3 Na6 (9... Qe7 10. Nd2 Nh5 11. Bh2 f5 12. Be2 f4 13. O-O fxe3 14. Nde4 exf2+ 15. Kh1 Bxc3 16. Nxc3 {0-1 (49) Xiong,J (2665)-Caruana,F (2804) Saint Louis 2018}) 10. Bc4 Re8 11. O-O Nc7 12. a4 {LiveBook: 4 Games} a6 13. a5 Rb8 14. Nd2 b5 15. axb6 $1 Rxb6 16. Qc2 $146 Rb4 17. Ra2 Bf5 18. e4 Bc8 ({Black should play} 18... Rxc4 $11 19. Nxc4 Nxe4 20. Nxe4 Bxe4) 19. Ra4 Rb8 20. Bh2 Nb5 21. Qd3 Qb6 22. Ba2 Qd8 23. Bc4 Qb6 24. Ba2 Qd8 25. Bc4 Qb6 {Accuracy: White = 25%, Black = 38%.} 1/2-1/2

[Event "V Sunway Sitges Open 2018"]
[Site "Sitges"]
[Date "2018.12.22"]
[Round "9"]
[White "Kulaots, Kaido"]
[Black "Dragnev, Valentin"]
[Result "0-1"]
[WhiteElo "2555"]
[BlackElo "2483"]
[Annotator "TA"]
[PlyCount "74"]
[EventDate "2018.12.14"]
[EventType "swiss"]
[EventCountry "ESP"]
[SourceTitle "playchess.com"]
[Source "ChessBase"]
[SourceQuality "1"]

{[%evp 21,74,16,16,0,0,0,0,0,0,0,0,-18,0,-41,-44,-75,-66,-69,-62,-68,-75,-58,-58,-99,-99,-99,-99,-99,-103,-97,-91,-80,-91,-159,-145,-254,-260,-297,-198,-579,-572,-1104,-1063,-1148,-1035,-5344,-2114,-1895,-1833,-1609,-1572,-29988,-29988,-29988,-29989]} 1. e4 c5 2. Nf3 e6 3. d4 cxd4 4. Nxd4 Nc6 5. Nc3 Qc7 6. Be3 a6 7. Qf3 {B48: Sicilian: Taimanov: 5 Nc3 Qc7 6 Be3 a6 without Be2} Nf6 8. O-O-O Ne5 9. Qg3 b5 10. a3 Bb7 11. Bxb5 Rc8 $1 {LiveBook: 6 Games} ({Of course not} 11... axb5 $6 12. Ndxb5 Qb8 13. Bb6 $16) 12. Ba4 ({But not} 12. Bf4 Nh5 $17) 12... Nxe4 13. Nxe4 Bxe4 14. Bf4 Qa5 15. Bxe5 Qxa4 {[#]} 16. Rd2 $146 Bg6 (16... f6 $5 {[%cal Rf6e5]} 17. Bd6 Kf7 $11) 17. h4 {[#]} Bb4 $1 {[%cal Rb4d2][%mdl 512]} 18. Re2 {[#]} (18. axb4 Qa1#) 18... f6 $1 {And now ...Bc5 would win.} 19. h5 fxe5 20. hxg6 exd4 21. Rxh7 Rg8 {...Qb5 is the strong threat.} 22. axb4 {Strongly threatening Qf4.} Qa1+ ({Stronger than} 22... Qxb4 23. Qh3 $16) 23. Kd2 {Black must now prevent Qf4.} Qxb2 $40 {[%mdl 128] Black has strong attack.} 24. Qb3 Qxb3 25. cxb3 $17 {[%mdl 4096] Endgame [#] KRR-KRR} Rb8 $1 26. Re4 Rxb4 27. Kc2 (27. Rf4 $142) 27... Ke7 28. Kb2 (28. Kc1 $17 {was worth a try.}) 28... a5 $19 29. Ka3 Kd6 30. Rf4 $2 (30. Re1 {is tougher.}) 30... e5 {[%cal Be6e5,Be5e4][%mdl 32]} 31. Rf7 d3 32. Rh1 Rgb8 33. Rd1 Rxb3+ 34. Ka2 Rb2+ 35. Ka3 e4 {( -> ...R8b3+)} 36. f3 Rb1 37. Rxb1 Rxb1 {Accuracy: White = 40%, Black = 93%.} 0-1

[Event "V Sunway Sitges Open 2018"]
[Site "Sitges"]
[Date "2018.12.22"]
[Round "9"]
[White "Beliavsky, Alexander G"]
[Black "Shubin, Kirill"]
[Result "1-0"]
[WhiteElo "2544"]
[BlackElo "2334"]
[Annotator "TA"]
[PlyCount "89"]
[EventDate "2018.12.14"]
[EventType "swiss"]
[EventCountry "ESP"]
[SourceTitle "playchess.com"]
[Source "ChessBase"]
[SourceQuality "1"]

{[%evp 19,89,45,45,38,47,31,42,38,50,62,55,32,28,0,77,74,101,97,211,206,181,83,74,28,28,27,25,27,27,29,28,28,28,26,24,27,24,23,23,23,23,23,23,25,29,35,70,27,62,29,33,31,32,32,33,19,57,36,76,29,114,114,116,115,114,112,131,138,130,110,323,323]} 1. d4 e6 2. c4 Nf6 3. g3 Bb4+ 4. Bd2 a5 5. Bg2 d6 (5... O-O 6. Nf3 b6 7. O-O Bb7 8. Nc3 d6 9. Rc1 Nbd7 10. Bg5 Bxc3 11. Rxc3 h6 12. Bxf6 Nxf6 13. Nd2 Bxg2 14. Kxg2 e5 15. dxe5 dxe5 16. Qc2 Qd7 17. Ne4 Qc6 {½-½ (41) Stupak,K (2564)-Sasikiran,K (2666) Yerevan 2018}) 6. e3 {E00: Catalan Bogo-Indian (3 g3 Bb4+)} Bxd2+ 7. Qxd2 Nbd7 8. Nc3 e5 9. Nge2 O-O 10. O-O Re8 {LiveBook: 3 Games} 11. Rac1 exd4 $146 ({Predecessor:} 11... c6 12. e4 exd4 13. Qxd4 {1-0 (25) Alexiadis,H (2264)-Apostolakakis,K (2020) Achaia 2017}) 12. Nxd4 Nc5 13. Qc2 Nfd7 14. b3 Ne5 15. a3 c6 16. h3 h5 (16... a4 $11) 17. Rcd1 $16 h4 18. g4 Nxg4 (18... Qb6 $16 {keeps fighting.}) 19. hxg4 $18 Bxg4 {[#]} 20. f3 (20. Bf3 $1 $18 {[%cal Rf3g4] is more deadly.} Bh3 21. Rfe1) 20... Bd7 $16 {White should prevent ...h3.} 21. Rfe1 h3 22. Bf1 Qg5+ 23. Kh1 Rxe3 24. Qd2 Rae8 {Threatens to win with ...h2!} 25. Rxe3 Qxe3 26. b4 axb4 27. axb4 Nb3 28. Qxe3 ({Much worse is} 28. Nxb3 Qxf3+ 29. Kh2 Re3 $17) 28... Rxe3 29. Nxb3 Rxc3 30. Nd2 Be6 31. Kh2 Rc2 32. Kg3 ({Reject} 32. Bxh3 Bxc4 33. Kg3 Be2 $17) 32... Rb2 33. b5 h2 34. Bg2 cxb5 35. cxb5 Rxb5 36. Nf1 Rb2 37. Nxh2 b5 38. Rxd6 g5 39. Ng4 {Black must now prevent Rb6.} b4 (39... Kf8 $1 $11 {remains equal.}) 40. Bh3 {aiming for Nh6+.} Kg7 41. Ne3 Bxh3 42. Kxh3 f6 43. Rb6 b3 44. Nf5+ Kf7 $2 {[#]} (44... Kg6 $16 {might work better.} 45. Nd4 Rd2) 45. Nd6+ $1 {Accuracy: White = 65%, Black = 29%.} 1-0

[Event "V Sunway Sitges Open 2018"]
[Site "Sitges"]
[Date "2018.12.22"]
[Round "9"]
[White "Harutyunian, Tigran K."]
[Black "Sasikiran, Krishnan"]
[Result "1/2-1/2"]
[WhiteElo "2528"]
[BlackElo "2673"]
[Annotator "TA"]
[PlyCount "36"]
[EventDate "2018.12.14"]
[EventType "swiss"]
[EventCountry "ESP"]
[SourceTitle "playchess.com"]
[Source "ChessBase"]
[SourceQuality "1"]

{[%evp 25,36,-52,-44,-21,-24,-56,-40,-35,0,-4,0,0,-19]} 1. d4 d5 2. Nf3 Nf6 3. c4 c6 4. Nc3 e6 5. Bg5 {[%cal Bc1g5,Bg5h4,Bh4g3][%mdl 32]} h6 6. Bh4 dxc4 7. e4 g5 8. Bg3 b5 9. Be2 Bb7 10. O-O Nbd7 11. Qc2 {D43: Semi-Slav: 5 Bg5 h6} (11. Ne5 Bg7 12. Nxf7 Kxf7 13. e5 Nd5 14. Ne4 Qb6 15. Nd6+ Ke7 16. a4 Raf8 17. Bf3 a6 18. Bxd5 cxd5 19. axb5 axb5 {½-½ (51) Grischuk,A (2767)-Ding,L (2769) Berlin 2018}) 11... Nh5 12. d5 Nxg3 13. hxg3 Bg7 {[%cal Re6d5] LiveBook: 6 Games} 14. Rad1 O-O {[#]} 15. Nd4 $146 ({Predecessor:} 15. dxe6 fxe6 16. b3 Qe7 17. bxc4 b4 18. Na4 c5 19. Rxd7 Qxd7 20. Nxc5 {½-½ (29) Dao,T (2508)-Hoang,C (2321) Da Lat 2014}) 15... Bxd4 16. Rxd4 {Strongly threatening dxe6.} Qb6 {[#]} 17. dxe6 $1 {[%mdl 512]} Qxd4 (17... fxe6 18. Rxd7) 18. Rd1 Qe5 1/2-1/2

[Event "V Sunway Sitges Open 2018"]
[Site "Sitges"]
[Date "2018.12.22"]
[Round "9"]
[White "Keymer, Vincent"]
[Black "Solozhenkina, Elizaveta"]
[Result "1-0"]
[WhiteElo "2508"]
[BlackElo "2258"]
[Annotator "TA"]
[PlyCount "81"]
[EventDate "2018.12.14"]
[EventType "swiss"]
[EventCountry "ESP"]
[SourceTitle "playchess.com"]
[Source "ChessBase"]
[SourceQuality "1"]

{[%evp 11,81,10,17,15,12,15,22,17,16,0,4,0,6,0,6,-8,0,0,8,-10,-7,-63,0,0,0,0,0,0,31,34,65,63,62,59,66,75,58,46,57,38,41,29,137,121,136,129,150,118,156,140,167,161,213,225,207,180,189,150,185,185,229,209,502,487,482,493,626,610,603,604,622,615]} 1. Nf3 Nf6 2. c4 e6 3. Nc3 d5 4. e3 Bd6 $146 (4... dxc4 5. Bxc4 a6 6. O-O b5 7. Bb3 Bb7 8. d4 Nbd7 9. Qe2 c5 10. Rd1 Qb8 11. e4 cxd4 12. Nxd4 Bd6 13. g3 O-O 14. f3 Rc8 15. Be3 Nf8 16. Rac1 h5 17. Qd2 Rd8 18. Nce2 h4 19. Bg5 hxg3 20. Bxf6 gxf6 21. Qh6 {1-0 (31) Svidler,P (2756)-Shankland,S (2722) Hoogeveen 2018}) 5. b3 O-O 6. Bb2 {A17: English Opening: 1...Nf6 with ...Bb4} b6 {LiveBook: 14 Games} 7. Rc1 a6 8. cxd5 {The position is equal.} exd5 9. g3 Bb7 10. d4 Nbd7 11. Bg2 Qe7 12. O-O Ne4 13. Ne2 a5 {[%cal Ba6a5,Ba5a4][%mdl 32]} 14. Nf4 a4 15. b4 Bxf4 16. gxf4 ({White should play} 16. exf4 $11 Ba6 17. Re1) 16... Qxb4 (16... Ba6 $15 17. Re1 Qxb4) 17. Rxc7 $11 Qxb2 18. Rxb7 Ndf6 19. Qb1 Qxb1 (19... a3 {with more complications.} 20. Rxb6 Qxb1 21. Rfxb1 Nc3 22. Ra1 Rfb8) 20. Rxb1 Nc3 21. Rb2 $1 (21. R1xb6 $6 Nxa2 22. Ne1 Nc3 $11) 21... Rfb8 22. Rxb8+ (22. R2xb6 Rxb7 23. Rxb7 Nxa2 $15) (22. R7xb6 Rxb6 23. Rxb6 Nxa2 $11) 22... Rxb8 23. Ne5 $36 {[%mdl 2048] White is in control.} h6 24. Nc6 Rb7 $1 25. Rc2 Nb5 $1 26. Bf1 Nc7 (26... Na3 $1 $11 {keeps the balance.} 27. Rc3 Nc4) 27. Nb4 $16 Kf8 28. Bd3 g6 29. f3 Kg7 30. Kf2 Ne6 31. Bb5 Ra7 (31... a3 {was worth a try.} 32. Na6 Re7) 32. Rc6 $18 Nc7 33. Bd3 Rb7 34. h3 h5 35. e4 {[%cal Be3e4,Be4e5][%mdl 32]} Ne6 36. Ke3 ({Inferior is} 36. exd5 Nxf4 37. d6 Rd7 $11) ({And not} 36. Nxd5 Nxd5 37. exd5 Nxf4 $11) 36... g5 $2 {[#]} (36... Rd7 37. e5 (37. Rxb6 dxe4 38. fxe4 Rxd4 $16) 37... Ng8 38. Rxb6 Ne7) 37. fxg5 {White is clearly winning.} Nxg5 38. e5 Nd7 39. f4 {[%cal Bf3f4,Bf4f5][%mdl 32]} Ne6 40. Nxd5 b5 41. f5 {Accuracy: White = 78%, Black = 58%.} 1-0

[Event "V Sunway Sitges Open 2018"]
[Site "Sitges"]
[Date "2018.12.22"]
[Round "9"]
[White "Vasquez Schroeder, Rodrigo"]
[Black "Vocaturo, Daniele"]
[Result "1/2-1/2"]
[WhiteElo "2495"]
[BlackElo "2629"]
[Annotator "TA"]
[PlyCount "185"]
[EventDate "2018.12.14"]
[EventType "swiss"]
[EventCountry "ESP"]
[SourceTitle "playchess.com"]
[Source "ChessBase"]
[SourceQuality "1"]

{[%evp 18,185,-1,-9,0,0,0,0,7,6,10,21,7,7,7,7,7,7,7,8,8,7,12,0,0,0,-2,-17,-8,-2,-4,-13,-25,-17,-8,-10,-8,-8,-8,-10,-4,-1,0,-20,0,-53,-18,-18,-14,-71,-5,-58,-19,-61,-30,-25,-37,-65,-2,-8,-3,-5,-2,-71,-71,-67,-26,-40,-10,-18,-10,-10,-10,-17,-17,-25,-25,-23,-14,-20,-20,-25,-25,-23,-7,-7,-7,-7,0,0,0,0,0,0,0,0,0,0,0,0,0,0,42,15,20,8,35,10,83,72,86,53,66,70,77,69,70,71,60,52,59,0,0,0,41,49,83,80,99,86,100,95,102,86,83,82,85,81,84,8,121,121,119,118,162,48,102,102,102,76,76,71,71,31,31,31,35,35,41,37,62,0,0,-8,-8,-8,0,-8,-8,-29]} 1. Nf3 d5 2. d4 Nf6 3. c4 e6 4. Nc3 Bb4 5. Qa4+ Nc6 6. e3 O-O 7. Qc2 {D38: Queen's Gambit Declined: Ragozin Defence (4 Nf3 Bb4)} Re8 8. a3 Bxc3+ 9. Qxc3 e5 10. Nxe5 {LiveBook: 3 Games} Nxe5 11. dxe5 Ne4 12. Qd4 Qh4 13. g3 Qh5 {[#] Strongly threatening ...Qf3.} 14. Bg2 $146 ({Predecessor:} 14. Be2 Bg4 15. Bxg4 Qxg4 {1-0 (32) Duda,J (2724)-Sadzikowski,D (2588) Warsaw 2018}) 14... Bh3 $132 {[%mdl 2048] Black is not holding back} 15. O-O $1 Bxg2 16. Kxg2 Qxe5 17. Qxd5 Qxd5 18. cxd5 f5 19. b4 Rad8 20. Rd1 Re5 21. d6 Rxd6 22. Rxd6 Nxd6 $11 {[%mdl 4096] Endgame KRB-KRN} 23. Bb2 Rd5 24. Rc1 c6 25. Rc2 g5 26. h3 g4 27. hxg4 fxg4 28. Bd4 Nb5 29. Bb2 Nd6 30. Bd4 a6 31. Kf1 (31. Bc5 $11) 31... Ne4 32. Kg2 Rf5 33. Ba7 (33. Bc3 $11) 33... Rf8 ({Black should play} 33... h5 $1 $17) 34. Bb6 (34. Rc4 $11 Nxf2 35. Bb8) 34... Rf7 35. Ba7 Kg7 36. Bb8 Kg6 37. Kf1 h5 (37... Rf5 $1 $15) 38. Bf4 Rd7 39. Ke2 $1 Kf5 40. Bb8 (40. a4 $11) 40... Rd5 $17 41. Ba7 Rd8 42. Bd4 Ke6 43. Bc3 Rd5 44. Be1 Nd6 45. a4 Kf5 46. f3 {aiming for e4+.} Ke6 47. Rc1 Rf5 48. fxg4 hxg4 49. Rd1 Rd5 50. Rc1 Kf5 51. Bc3 Ne4 52. Rf1+ Kg6 (52... Ke6 $5 53. Be1 $8 Rf5 $11) 53. Be1 Rf5 54. Rh1 Rf3 55. Kd3 $1 {[%cal Rd3e4]} Ng5 56. Rh4 Kf5 57. Rh8 Nf7 58. Rf8 Ke6 59. Rg8 Rf5 60. Bc3 Rd5+ 61. Ke4 Nd6+ 62. Kf4 Rf5+ (62... c5 $11 {remains equal.}) 63. Kxg4 $16 Rf7 64. Rg7 Rf1 65. Bd4 b5 66. axb5 axb5 67. Rg6+ Kd7 68. Be5 Nc4 69. Rg7+ ({Better is} 69. Bf4 $1 $14) 69... Ke6 $11 70. Bf4 Re1 71. Kf3 Nd2+ 72. Kf2 Rb1 73. Rg6+ Kf5 74. Rxc6 {Threatens to win with Rc5+.} Ne4+ 75. Kf3 {[%csl Gf3][%cal Rg3g4]} Rf1+ {[#]} 76. Kg2 $1 {[%cal Rg2f1]} Rb1 77. Rc8 Rxb4 78. Re8 ({White should try} 78. Rf8+ $16 Kg6 79. Kf3) 78... Nf6 (78... Rb2+ $11 79. Kh3 Ng5+ 80. Bxg5 Kxg5) 79. Re5+ $16 Kg6 {[#]} 80. g4 $1 {[%mdl 512]} Rb1 {[#]} (80... Nxg4 81. Rg5+) 81. Kf3 (81. Rc5 $1 $18) 81... Rf1+ (81... b4 $14) 82. Ke2 Rb1 83. Rg5+ Kf7 84. Be5 Ne4 85. Rg7+ Ke6 86. Bd4 b4 87. Rg8 {Hoping for Re8+.} Nd6 88. Rb8 {And now Bc5 would win.} b3 89. Kf2 (89. g5 $14 Rg1 90. Bf6 (90. Rxb3 Rxg5 91. Rb6 Kd7 $14)) 89... Nc4 $11 {The position is equal.} 90. Rb4 b2 $1 91. Bxb2 Nxb2 92. Kf3 Rf1+ 93. Ke4 {Accuracy: White = 62%, Black = 52%.} 1/2-1/2

[Event "V Sunway Sitges Open 2018"]
[Site "Sitges"]
[Date "2018.12.22"]
[Round "9"]
[White "Henderson De La Fuente, Lance"]
[Black "Kadric, Denis"]
[Result "1/2-1/2"]
[WhiteElo "2484"]
[BlackElo "2554"]
[Annotator "TA"]
[PlyCount "88"]
[EventDate "2018.12.14"]
[EventType "swiss"]
[EventCountry "ESP"]
[SourceTitle "playchess.com"]
[Source "ChessBase"]
[SourceQuality "1"]

{[%evp 11,88,22,30,9,39,-45,-44,-90,-77,-65,-61,-111,-109,-125,-77,-119,-111,-139,-144,-133,-128,-143,-89,-84,-54,-88,-88,-94,-41,-52,-60,-84,0,0,0,12,0,0,19,22,25,22,52,-135,0,0,2,7,12,-71,-75,-171,0,0,0,-14,34,23,14,32,39,54,77,80,87,91,68,0,52,55,45,13,14,13,53,0,5,0,28]} 1. e4 d6 2. d4 Nf6 3. Nc3 e5 4. Nf3 Nbd7 5. g3 c6 6. Bg2 Be7 {LiveBook: 50 Games. C41: Philidor Defence} 7. Nh4 $146 ({Predecessor:} 7. O-O O-O 8. a4 Qc7 9. Re1 a5 10. h3 Re8 11. b3 b6 12. Ba3 Ba6 13. Qd2 Rad8 14. Rad1 Bf8 15. Qc1 b5 16. Bb2 {½-½ (72) Onischuk,V (2601)-Bortnyk,O (2581) Doha 2016}) 7... g6 8. Bh6 (8. a4 $14) 8... Qb6 $15 {Black is slightly better.} 9. Ne2 Qxb2 10. h3 Bf8 11. Be3 Bg7 12. O-O Qa3 13. Bc1 Qa5 14. c3 O-O 15. f4 Re8 16. Qc2 exf4 (16... b6 $142 17. Bd2 (17. fxe5 dxe5 18. Be3 Ba6 $17) 17... Bb7) 17. Bxf4 $17 Re6 18. Rf2 Qd8 19. Re1 d5 (19... Qe8 $17 {[%cal Rf6e4]} 20. Nc1 b6) 20. e5 $15 Nh5 21. Ref1 Nf8 (21... g5 $17 22. Bc1 gxh4) 22. Bc1 $11 {Strongly threatening Nf3.} Nxg3 $1 {[%mdl 64] Remove Defender} 23. Nxg3 Qxh4 24. Kh2 Re8 25. Rxf7 Be6 26. Rxb7 Nd7 27. Rb1 $2 {[#]} (27. Ne2 $14 {stays ahead.}) 27... Rf8 ({Black should play} 27... Nxe5 $1 $17 {[%mdl 512] ...Rf8 is the strong threat.} 28. dxe5 Bxe5) 28. Ba3 c5 $132 {[%mdl 2048] Black puts up resistance} 29. Qd3 Bh6 {Black wants to play ...Bf4.} 30. Rbe1 (30. Ne2 $1 $11 {remains equal.}) 30... Bf4 $17 31. Rf3 {[#]} (31. Rxf4 $17 Rxf4 32. Ne2) 31... Rf5 $2 (31... g5 $1 $19 {[%cal Rg5g4] aiming for ...g4.} 32. Ref1 Rab8) 32. Ref1 $1 $11 Raf8 33. Kg1 {Hoping for Qa6.} Bxg3 34. Rxg3 Rxf1+ 35. Bxf1 Rf4 {[%cal Rc5d4]} 36. Bc1 Rf7 37. Bg5 Qe4 38. Qxe4 dxe4 39. a3 (39. Bg2 $14) 39... cxd4 (39... Nb6 $11) 40. cxd4 $14 Nb6 41. Re3 Nd5 42. Rb3 Nb6 43. Re3 Nd5 44. Rb3 Nb6 {Accuracy: White = 37%, Black = 46%.} 1/2-1/2

[Event "V Sunway Sitges Open 2018"]
[Site "Sitges"]
[Date "2018.12.22"]
[Round "9"]
[White "Romanishin, Oleg M"]
[Black "Meister, Peter"]
[Result "1/2-1/2"]
[WhiteElo "2451"]
[BlackElo "2355"]
[Annotator "TA"]
[PlyCount "34"]
[EventDate "2018.12.14"]
[EventType "swiss"]
[EventCountry "ESP"]
[SourceTitle "playchess.com"]
[Source "ChessBase"]
[SourceQuality "1"]

{[%evp 13,34,40,33,10,23,0,0,0,13,-2,14,2,-7,-11,0,-10,0,-53,0,-17,0,-35,0]} 1. d4 g6 2. Nf3 Bg7 3. g3 d5 4. Bg2 Nh6 5. O-O Nf5 (5... O-O 6. Nbd2 Nf5 7. c3 Nd6 8. Re1 Bf5 9. Nh4 c6 10. Nxf5 gxf5 11. Nb3 Nd7 12. Bf4 Nf6 13. Nc5 b6 {1-0 (40) Pantsulaia,L (2587)-Short,N (2659) Abu Dhabi 2018}) 6. c3 {D02: 1 d4 d5 2 Nf3 sidelines, including 2...Nf6 3 g3 and 2...Nf6 3 Bf4} Nd7 7. Nbd2 {[%cal Bb1d2,Bd2c4,Bc4e5][%mdl 32]} Nd6 {LiveBook: 7 Games} 8. Qb3 {White is slightly better.} Nf6 $146 ({Predecessor:} 8... e6 9. Ne1 c5 10. dxc5 Nxc5 11. Qc2 Bd7 12. Nd3 Rc8 13. Nxc5 Rxc5 {0-1 (73) Stocko,J (2187)-Rubil,M (2182) Croatia 2011}) 9. c4 dxc4 10. Nxc4 O-O {With the idea ...Be6.} 11. Nce5 Be6 {[%cal Bc8e6,Be6d5,Bd5e4][%mdl 32]} 12. Qa4 Bd5 13. Bd2 a5 14. Qc2 Be4 15. Qb3 (15. Qc1 $11) 15... Bd5 16. Qc2 Be4 17. Qb3 Bd5 1/2-1/2